| 000 | 00357nam a2200121 a 4500 | ||
|---|---|---|---|
| 082 | 0 | 0 |
_a629.13634 _bAER |
| 245 | 0 | 0 |
_aAerodrome design manual. _cI.c.a.o |
| 250 | _a2nd ed. | ||
| 260 |
_aMontreal : _bInternational Civil Aviation Organization, _cc1983. |
||
| 300 |
_ax. 348p. : _bill. ; _c32 cm. |
||
| 526 |
_a0 _b0 _c0 _d629_136340000000000_AER |
||
| 942 |
_2ddc _cBK |
||
| 999 |
_c548237 _d548237 |
||